El Basadre que yo conocí : (Registro nro. 51073)
[ vista simple ]
| 000 -LEADER | |
|---|---|
| campo de control de longitud fija | 01600nam a2200337 i 4500 |
| 003 - IDENTIFICADOR DE NÚMERO DE CONTROL | |
| campo de control | peliumch |
| 005 - FECHA Y HORA DE LA ÚLTIMA TRANSACCIÓN | |
| campo de control | 20260226142740.0 |
| 007 - CAMPO FIJO DE DESCRIPCIÓN FÍSICA--INFORMACIÓN GENERAL | |
| campo de control de longitud fija | ta |
| 008 - DATOS DE LONGITUD FIJA--INFORMACIÓN GENERAL | |
| campo de control de longitud fija | 230320s9999||||xx |||||||||||||| ||spa|| |
| 020 ## - NÚMERO INTERNACIONAL ESTÁNDAR DEL LIBRO | |
| Número Internacional Estándar del Libro | 9786124148088 |
| 040 ## - FUENTE DE CATALOGACIÓN | |
| Centro catalogador/agencia de origen | UMCH |
| Lengua de catalogación | spa |
| Centro/agencia transcriptor | UMCH |
| Centro/agencia modificador | jmr |
| Normas de descripción | rda |
| 041 0# - CÓDIGO DE IDIOMA | |
| Código de lengua del texto/banda sonora o título independiente | spa |
| 043 ## - CÓDIGO DE ÁREA GEOGRÁFICA | |
| Código de área geográfica | s-pe--- |
| 082 ## - NÚMERO DE LA CLASIFICACIÓN DECIMAL DEWEY | |
| Número de clasificación | 928.5/S18 |
| 100 1# - ENTRADA PRINCIPAL--NOMBRE DE PERSONA | |
| Nombre de persona | Salazar Larraín, Arturo, |
| Fechas asociadas al nombre | 1926- |
| Término indicativo de función/relación | autor. |
| 245 #0 - MENCIÓN DEL TÍTULO | |
| Título | El Basadre que yo conocí : |
| Resto del título | El pasado que no ha pasado / |
| Mención de responsabilidad, etc. | Arturo Salazar Larraín |
| 250 ## - MENCION DE EDICION | |
| Mención de edición | Primera edición. |
| 264 #1 - PRODUCCIÓN, PUBLICACIÓN, DISTRIBUCIÓN, FABRICACIÓN Y COPYRIGHT | |
| Producción, publicación, distribución, fabricación y copyright | Lima, Perú ; |
| Nombre del de productor, editor, distribuidor, fabricante | Universidad Nacional de Educación Enrique Guzmán y Valle |
| Fecha de producción, publicación, distribución, fabricación o copyright | 2017 |
| 264 #4 - PRODUCCIÓN, PUBLICACIÓN, DISTRIBUCIÓN, FABRICACIÓN Y COPYRIGHT | |
| Fecha de producción, publicación, distribución, fabricación o copyright | ©2017 |
| 300 ## - DESCRIPCIÓN FÍSICA | |
| Extensión | 63 páginas ; |
| Otras características físicas | ilustraciones ; |
| Dimensiones | 21 centímetros. |
| 520 3# - RESUMEN, ETC. | |
| Sumario, etc. | En este texto, Denegri Luna ofrece un testimonio personal y cercano sobre la vida y obra de Jorge Basadre Grohmann, considerado el "Historiador de la República". El libro no es solo una biografía académica, sino una semblanza que rescata anécdotas, rasgos de la personalidad de Basadre y su inmensa contribución intelectual al entendimiento del Perú "El Basadre que yo conocí" es una obra del historiador peruano Félix Denegri Luna, publicada en 1988. |
| 521 ## - NOTA DE PÚBLICO DESTINATARIO | |
| Nota de público destinatario | Recomendado para un público en general. |
| 600 #0 - PUNTO DE ACCESO ADICIONAL DE MATERIA--NOMBRE DE PERSONA | |
| Nombre de persona | Basadre Grohmann, Jorge |
| Fechas asociadas al nombre | 1903-1980 |
| Subdivisión general | Historiografía |
| 650 14 - PUNTO DE ACCESO ADICIONAL DE MATERIA--TÉRMINO DE MATERIA | |
| Término de materia o nombre geográfico como elemento de entrada | Historiadores |
| Subdivisión cronológica | Siglo XX |
| Subdivisión geográfica | Perú |
| 710 ## - ENTRADA AGREGADA--NOMBRE DE ENTIDAD CORPORATIVA | |
| Nombre de entidad corporativa o nombre de jurisdicción como elemento de entrada | Universidad Nacional de Educación Enrique Guzmán y Valle (Lima) |
| 942 ## - ELEMENTOS DE ENTRADA SECUNDARIOS (KOHA) | |
| Tipo de ítem Koha | Libros |
| Fuente del sistema de clasificación o colocación | Clasificación Decimal Dewey |
| Suprimir en OPAC | No |
| Estatus retirado | Estado de pérdida | Estado de daño | No para préstamo | Biblioteca de origen | Biblioteca actual | Fecha de adquisición | Total checkouts | Signatura topográfica completa | Código de barras | Visto por última vez | Copia número | Precio de reemplazo | Tipo de ítem Koha | Fuente del sistema de clasificación o colocación | Ubicación en estantería | Fuente de adquisición | Información codificada de la localización en otra ubicación |
|---|---|---|---|---|---|---|---|---|---|---|---|---|---|---|---|---|---|
| Biblioteca Central | Biblioteca Central | 20/03/2023 | 928.5/S18 | 032257 | 20/03/2023 | 1 | 20/03/2023 | Libros | |||||||||
| Biblioteca Central | Biblioteca Central | 26/02/2026 | 928.5/S18;ej2 | 035869 | 26/02/2026 | 2 | 26/02/2026 | Libros | Clasificación Decimal Dewey | Colección general | Donación | UMCH |

